000 00826nam a2200229Ia 4500
001 L603-2327
003 IT-CnALBA
008 170116s9999||||xx |||||||||||||| ||und||
040 _aIT-CnALBA
_cIT-CnALBA
041 _aITALIANO
100 _aSEGATORE LUIGI
245 0 _aDIZIONARIO MEDICO.
250 _a1a ed.
260 _a NOVARA
_bDE AGOSTINI ISTITUTO GEOGR.
_c1954 [1° Ed.: n.d.]
300 _a1258 p.
500 _aDIZIONARIO SCIENTIFICO DIVULGATIVO. AVVERTENZA. TAVOLE FUORI TESTO. ILLUSTRAZIONI.
501 _aSocietà San Paolo EM - Piazza San Paolo, 14 - 12051 ALBA (CN) (non commercial uses only) ® Copyright 2017
520 _aDIZIONARIO SCIENTIFICO DIVULGATIVO. AVVERTENZA. TAVOLE FUORI TESTO. ILLUSTRAZIONI.
650 _aDIZIONARI DELLE SCIENZE APPLICATE
942 _cBK
957 _71
999 _a3304
_bNO
_g Copie: 1
_c261512
_d261512